[Event "Titled Tuesday intern op 16th Apr Early"]
[Site "Chess.com INT"]
[Date "2024.04.16"]
[Round "4"]
[White "Seder, Mohamad"]
[Black "Kvaloy, Aksel Bu"]
[Result "0-1"]
[WhiteElo "2077"]
[BlackElo "2450"]
[PlyCount "76"]
[EventDate "2024.04.16"]
[EventType "swiss (blitz)"]
[EventRounds "11"]
[EventCountry "USA"]
[SourceTitle "CB17_2024"]
[SourceDate "2024.04.24"]
[SourceVersion "1"]
[SourceVersionDate "2024.04.24"]
[SourceQuality "1"]

1. e4 e5 2. Nf3 Nc6 3. Bb5 g6 4. h4 Nf6 5. d3 d6 6. Bg5 h6 7. Bd2 Bg4 8. Nc3 a6 9. Bxc6+ bxc6 10. Qe2 Bg7 11. Nd1 Qd7 12. Ne3 Bh5 13. Rg1 Ng4 14. 0-0-0 Nxe3 15. Qxe3 Bg4 16. Rdf1 c5 17. Nh2 Be6 18. b3 a5 19. Bc3 a4 20. g4 axb3 21. axb3 Qb5 22. Kd2 Ra2 23. Ra1 Bxb3 24. Rxa2 Bxa2 25. Ra1 Be6 26. Ra8+ Kd7 27. Rxh8 Bxh8 28. Qxh6 Bf6 29. h5 c4 30. hxg6 fxg6 31. Qxg6 Be7 32. Nf3 cxd3 33. cxd3 Qa4 34. Ng5 Qa2+ 35. Ke3 Bb3 36. Qf5+ Kd8 37. Nh7 Bd1 38. Bd2 Qa7+ 0-1

[Event "NOR-chT Elite 2324"]
[Site "Norway"]
[Date "2024.03.10"]
[Round "9.31"]
[White "Houska, Jovanka"]
[Black "Kvaloy, Aksel Bu"]
[Result "1/2-1/2"]
[WhiteElo "2333"]
[BlackElo "2454"]
[PlyCount "84"]
[EventDate "2023.10.27"]
[EventType "team-tourn"]
[EventRounds "9"]
[EventCountry "NOR"]
[SourceTitle "CB16_2024"]
[SourceDate "2024.04.17"]
[SourceVersion "1"]
[SourceVersionDate "2024.04.17"]
[SourceQuality "1"]
[WhiteTeam "Bergens"]
[BlackTeam "Stavanger"]
[WhiteTeamCountry "NOR"]
[BlackTeamCountry "NOR"]

1. d4 Nf6 2. Nf3 e6 3. c4 d5 4. cxd5 exd5 5. Nc3 Nbd7 6. Bg5 Bb4 7. Nd2 h6 8. Bh4 g5 9. Bg3 c5 10. e3 Qa5 11. dxc5 Bxc3 12. bxc3 Qxc3 13. Rc1 Qa5 14. Qb3 Ne4 15. Qxd5 Ndf6 16. Qd4 0-0 17. Bd6 Nxd2 18. Qxd2 Qxd2+ 19. Kxd2 Ne4+ 20. Ke1 Nxd6 21. cxd6 Be6 22. h4 Rac8 23. Rxc8 Rxc8 24. hxg5 hxg5 25. g3 Rd8 26. f4 Rxd6 27. Rh5 gxf4 28. gxf4 Rb6 29. a4 Rb2 30. Rb5 Ra2 31. Rxb7 Rxa4 32. Bd3 Kg7 33. e4 a5 34. Ke2 Bc4 35. Bxc4 Rxc4 36. Kd3 Ra4 37. Ra7 Kg6 38. Ra6+ Kh7 39. Ra7 Kg7 40. Ra6 Kh7 41. Ra7 Kg7 42. Ra6 f5 1/2-1/2

[Event "NOR-chT Elite 2324"]
[Site "Norway"]
[Date "2024.03.08"]
[Round "7.21"]
[White "Sadhwani, Raunak"]
[Black "Kvaloy, Aksel Bu"]
[Result "1-0"]
[WhiteElo "2649"]
[BlackElo "2454"]
[PlyCount "75"]
[EventDate "2023.10.27"]
[EventType "team-tourn"]
[EventRounds "9"]
[EventCountry "NOR"]
[SourceTitle "CB16_2024"]
[SourceDate "2024.04.17"]
[SourceVersion "1"]
[SourceVersionDate "2024.04.17"]
[SourceQuality "1"]
[WhiteTeam "Offerspill"]
[BlackTeam "Stavanger"]
[WhiteTeamCountry "NOR"]
[BlackTeamCountry "NOR"]

1. e4 c5 2. Nf3 d6 3. d4 cxd4 4. Nxd4 Nf6 5. Nc3 a6 6. Bd3 e5 7. Nde2 Be7 8. 0-0 0-0 9. h3 Nbd7 10. Ng3 Nc5 11. Be2 Be6 12. Be3 Rc8 13. Bf3 b5 14. Qd2 g6 15. Bh6 Re8 16. Rfd1 Qc7 17. Nf5 Bxf5 18. exf5 e4 19. Bg4 Rcd8 20. Qd4 d5 21. b4 gxf5 22. Bxf5 Ne6 23. Qd2 Qe5 24. Bxe6 fxe6 25. Ne2 Rc8 26. a4 Kf7 27. axb5 axb5 28. Ra7 Qb8 29. Rda1 Rc7 30. R7a6 Rc4 31. c3 Qe5 32. Bf4 Qh5 33. Ra7 Rcc8 34. R1a6 Rcd8 35. Nd4 e5 36. Bg5 exd4 37. Bxf6 Qf5 38. Qh6 1-0

[Event "Titled Tuesday intern op 06th Feb Early"]
[Site "Chess.com INT"]
[Date "2024.02.06"]
[Round "1"]
[White "Koridze, Lile"]
[Black "Kvaloy, Aksel Bu"]
[Result "0-1"]
[WhiteElo "2167"]
[BlackElo "2443"]
[PlyCount "64"]
[EventDate "2024.02.06"]
[EventType "swiss (blitz)"]
[EventRounds "11"]
[EventCountry "USA"]
[SourceTitle "CB07_2024"]
[SourceDate "2024.02.14"]
[SourceVersion "1"]
[SourceVersionDate "2024.02.14"]
[SourceQuality "1"]

1. d4 Nf6 2. c4 e6 3. Nf3 d5 4. g3 Bb4+ 5. Bd2 Be7 6. Bg2 0-0 7. 0-0 Ne4 8. Nc3 Nxd2 9. Qxd2 c6 10. b3 f5 11. Ne5 Nd7 12. Nxd7 Bxd7 13. f3 Rc8 14. e4 c5 15. exd5 cxd4 16. dxe6 Bxe6 17. Nb5 Bc5 18. Rad1 Qf6 19. Qa5 a6 20. Na3 b6 21. Qa4 b5 22. cxb5 axb5 23. Qxb5 Bxa3 24. Rd2 Rc1 25. Qa6 Rxf1+ 26. Bxf1 Bc1 27. Rd1 Be3+ 28. Kh1 Bd5 29. Qe2 f4 30. g4 Qc6 31. Bg2 Rc8 32. Qd3 Bxf3 0-1

[Event "Titled Tuesday intern op 06th Feb Early"]
[Site "Chess.com INT"]
[Date "2024.02.06"]
[Round "6"]
[White "Parfenov, Viktor N"]
[Black "Kvaloy, Aksel Bu"]
[Result "0-1"]
[WhiteElo "2193"]
[BlackElo "2443"]
[PlyCount "54"]
[EventDate "2024.02.06"]
[EventType "swiss (blitz)"]
[EventRounds "11"]
[EventCountry "USA"]
[SourceTitle "CB07_2024"]
[SourceDate "2024.02.14"]
[SourceVersion "1"]
[SourceVersionDate "2024.02.14"]
[SourceQuality "1"]

1. d4 Nf6 2. Nf3 e6 3. Bf4 c5 4. e3 cxd4 5. exd4 b6 6. Bd3 Bb7 7. 0-0 Be7 8. c4 0-0 9. Nc3 d6 10. h3 Nbd7 11. b4 Rc8 12. Re1 Re8 13. a3 a6 14. Qd2 Rc7 15. c5 bxc5 16. bxc5 dxc5 17. Bxc7 Qxc7 18. Ne4 cxd4 19. Nxd4 Rd8 20. Qe3 Ne5 21. Nxf6+ Bxf6 22. Be4 Bxe4 23. Qxe4 Rxd4 24. Qxd4 Nf3+ 25. gxf3 Bxd4 26. Rac1 Qb7 27. Rb1 Qa7 0-1

[Event "Titled Tuesday intern op 16th Jan Early"]
[Site "Chess.com INT"]
[Date "2024.01.16"]
[Round "11"]
[White "Tari, Aryan"]
[Black "Kvaloy, Aksel Bu"]
[Result "1-0"]
[WhiteElo "2623"]
[BlackElo "2443"]
[PlyCount "105"]
[EventDate "2024.01.16"]
[EventType "swiss (blitz)"]
[EventRounds "11"]
[EventCountry "USA"]
[SourceTitle "CB04_2024"]
[SourceDate "2023.10.16"]
[SourceVersion "1"]
[SourceVersionDate "2023.10.16"]
[SourceQuality "1"]

1. a3 a6 2. e4 e5 3. Nf3 Nc6 4. Nc3 Nf6 5. d4 exd4 6. Nxd4 Bc5 7. Be3 Bxd4 8. Bxd4 Qe7 9. Bc4 Nxd4 10. Qxd4 d6 11. 0-0-0 Be6 12. f4 Bxc4 13. Qxc4 0-0-0 14. g4 Kb8 15. g5 Nh5 16. Nd5 Qd7 17. Rhf1 Rhe8 18. Rd3 Qc6 19. Qd4 Qc5 20. Qxc5 dxc5 21. e5 c6 22. Ne3 Rxd3 23. cxd3 Rd8 24. Kc2 Rd4 25. f5 Nf4 26. e6 fxe6 27. f6 gxf6 28. gxf6 Ng6 29. f7 Rd8 30. Ng4 Rf8 31. Nh6 Kc7 32. Kd2 Kd6 33. Ke3 Ne7 34. Ke4 Nd5 35. Rg1 Nf6+ 36. Kf4 Nd5+ 37. Ke4 Nf6+ 38. Kf3 Nd7 39. Kf4 Ke7 40. Rg7 Kf6 41. Rg8 Ke7 42. Kg5 Ne5 43. Rxf8 Kxf8 44. Kf6 Nxd3 45. Ng4 Nf4 46. Ne5 Nd5+ 47. Kxe6 Nf4+ 48. Kf5 Nd5 49. Ke6 Nf4+ 50. Kd6 Ng6 51. Nxg6+ hxg6 52. Kxc5 Kxf7 53. Kb6 1-0

[Event "NOR-ch Rapid"]
[Site "Bergen"]
[Date "2024.01.13"]
[Round "2"]
[White "Kvaloy, Aksel Bu"]
[Black "Vage, Edvard"]
[Result "1/2-1/2"]
[WhiteElo "2443"]
[BlackElo "1836"]
[PlyCount "61"]
[EventDate "2024.01.13"]
[EventType "swiss (rapid)"]
[EventRounds "10"]
[EventCountry "NOR"]
[SourceTitle "CB03_2024"]
[SourceDate "2024.01.17"]
[SourceVersion "1"]
[SourceVersionDate "2024.01.17"]
[SourceQuality "1"]

1. d4 e6 2. e4 d5 3. e5 c5 4. c3 Qb6 5. Nf3 Bd7 6. Bd3 Bb5 7. 0-0 Nc6 8. Bxb5 Qxb5 9. Na3 Qa6 10. Nc2 cxd4 11. cxd4 Nge7 12. Bd2 Nf5 13. Bc3 Be7 14. b4 Qc4 15. Qd2 Rc8 16. Rfc1 Nxe5 17. dxe5 Qxc3 18. Ncd4 Qxd2 19. Rxc8+ Kd7 20. Rxh8 Qc3 21. Rd1 Nxd4 22. Nxd4 Bxb4 23. Rxh7 Bc5 24. Rh3 Qb2 25. Rb3 Qxa2 26. Rxb7+ Kc8 27. Rbb1 Bxd4 28. Rdc1+ Kd8 29. Rb8+ Kd7 30. Rb7+ Kd8 31. Rb8+ 1/2-1/2

[Event "Titled Tuesday intern op 09th Jan Early"]
[Site "Chess.com INT"]
[Date "2024.01.09"]
[Round "11"]
[White "Shubenkova, Veronika"]
[Black "Kvaloy, Aksel Bu"]
[Result "0-1"]
[WhiteElo "2007"]
[BlackElo "2443"]
[PlyCount "82"]
[EventDate "2024.01.09"]
[EventType "swiss (blitz)"]
[EventRounds "11"]
[EventCountry "USA"]
[SourceTitle "CB03_2024"]
[SourceDate "2024.01.17"]
[SourceVersion "1"]
[SourceVersionDate "2024.01.17"]
[SourceQuality "1"]

1. d4 Nf6 2. e3 c5 3. f4 g6 4. Nf3 Bg7 5. c3 0-0 6. Bd3 cxd4 7. exd4 d6 8. 0-0 Nc6 9. Nbd2 e5 10. Bb5 exd4 11. Bxc6 bxc6 12. Nxd4 c5 13. N4f3 Bb7 14. f5 Ng4 15. Nb3 Re8 16. fxg6 fxg6 17. Bg5 Qb6 18. Qd2 a5 19. Rae1 a4 20. Nc1 h6 21. Bf4 Kh7 22. h3 Ne5 23. Nxe5 dxe5 24. Be3 Rad8 25. Qf2 Qe6 26. Bxc5 Ba6 27. Ne2 Qxa2 28. Qf7 Qxf7 29. Rxf7 Rd2 30. Ng3 Rxb2 31. Ne4 Kg8 32. Ra7 Bb5 33. Nd6 Bf8 34. Kh2 Re6 35. Nxb5 Bxc5 36. Ra8+ Kg7 37. Nc7 Re7 38. Nd5 Rd7 39. c4 a3 40. Kh1 a2 41. Nc3 Rdb7 0-1

[Event "Wch U16"]
[Site "Montesilvano"]
[Date "2023.11.15"]
[Round "3"]
[White "Kvaloy, Aksel Bu"]
[Black "Sapenov, Daniyal"]
[Result "1-0"]
[WhiteElo "2457"]
[BlackElo "2296"]
[PlyCount "91"]
[EventDate "2023.11.13"]
[EventType "swiss"]
[EventRounds "11"]
[EventCountry "ITA"]
[SourceTitle "CB48_2023"]
[SourceDate "2023.11.29"]
[SourceVersion "1"]
[SourceVersionDate "2023.11.29"]
[SourceQuality "1"]

1. e4 c5 2. Nf3 d6 3. d4 cxd4 4. Nxd4 Nf6 5. Nc3 a6 6. h3 e6 7. g4 h6 8. Bg2 Be7 9. Be3 Nc6 10. 0-0 0-0 11. Qe2 Nxd4 12. Bxd4 e5 13. Be3 Be6 14. Kh2 Rc8 15. Qd2 Re8 16. Rad1 b5 17. a3 Nd7 18. a4 Nb6 19. b3 bxa4 20. Nxa4 Nxa4 21. bxa4 Qc7 22. Rc1 Qd7 23. a5 Rc4 24. Rb1 Rec8 25. Rfc1 Qa4 26. Ra1 Qc6 27. Rab1 Qa4 28. Ra1 Qc6 29. Rab1 Bd8 30. Rd1 Rxc2 31. Qxd6 Bxa5 32. Ra1 Ba2 33. Qa3 Bb6 34. Rxa2 Bxe3 35. fxe3 Qxe4 36. Rd2 Rxd2 37. Rxd2 Qc4 38. Ra2 Rb8 39. Qxa6 Qc1 40. Qd3 g6 41. Rc2 Qe1 42. Qd6 Rb1 43. Qxe5 Qg1+ 44. Kg3 Qe1+ 45. Rf2 Kh7 46. Qe7 1-0